000 00308nam a22000977a 4500
008 150624b xxu||||| |||| 00| 0 eng d
010 _8HCCRSARF:008
245 _aHIGH COURT CRIMINAL SESSION NO.469 OF 1970 Uganda Vs Zirukamu Mafabi
260 _aHigh Court Kampala
500 _3BEFORE: Hon. Mr. Justice Y.V. Phadke
999 _c6635
_d6635